Ako zmeniť firemnú kultúru

Firemná kultúra ako faktor ovplyvňujúci konkurencieschopnosť firmy. Potreba zmeny a postup pri presadzovaní zmeny firemnej kultúry. Princípy zmeny firemnej kultúry.

Na minha lista:
Detalhes bibliográficos
Autor principal: Balala, Ladislav
Formato: Capítulo de Livro
Idioma:eslovaco
Assuntos:
Tags: Adicionar Tag
Sem tags, seja o primeiro a adicionar uma tag!

MARC

LEADER 00000naa a2200000 4500
001 r033581
005 20230919065946.9
041 0 |a slo 
044 |a SK 
245 1 0 |a Ako zmeniť firemnú kultúru  |c Ladislav Balala 
520 |a Firemná kultúra ako faktor ovplyvňujúci konkurencieschopnosť firmy. Potreba zmeny a postup pri presadzovaní zmeny firemnej kultúry. Princípy zmeny firemnej kultúry. 
610 2 0 |a kultúra podniková 
610 2 0 |a zmeny organizačné 
610 2 0 |a podnikanie 
610 2 0 |a skupiny pracovné 
610 2 0 |a štruktúra organizačná 
100 1 |a Balala, Ladislav